[Event "DVM U16 2024"]
[Site "Sebnitz GER"]
[Date "2024.12.30"]
[Round "7"]
[White "Ellinger, Maximilian"]
[Black "Himmelspacht, Maxim"]
[Result "1/2-1/2"]
[Termination "normal"]
[Board "8.3"]
[WhiteElo "1996"]
[BlackElo "1808"]
[WhiteTeam "USV TU Dresden"]
[BlackTeam "SK 1858 Gießen"]
[PlyCount "78"]
[WhiteFideId "34631003"]
[BlackFideId "16287932"]
[EventCountry "GER"]
[EventRounds "7"]
[EventType "team-swiss"]
[EventDate "2024.12.26"]

1. e4 e6 2. d4 d5 3. Nc3 Nf6 4. Bg5 dxe4 5. Nxe4 Be7 6. Bxf6 Bxf6 7. Nf3 Bd7 8.
Bc4 Bc6 9. Qe2 O-O 10. O-O-O Bd5 11. Bd3 b6 12. Kb1 Nd7 13. h4 c5 14. Neg5 h6
15. Nh7 Re8 16. Nxf6+ Qxf6 17. Be4 Bxe4 18. Qxe4 cxd4 19. Qxd4 Red8 20. Rd2 Nc5
21. Qxf6 gxf6 22. Rhd1 Rxd2 23. Rxd2 Kf8 24. c3 Ke8 25. Kc2 Rd8 26. Rxd8+ Kxd8
27. Nd2 Ke7 28. b4 Nd7 29. Nf3 e5 30. c4 f5 31. Kc3 Kd6 32. Nd2 Nf6 33. f3 Nh5
34. g4 Ng3 35. Kd3 Ke6 36. g5 hxg5 37. hxg5 Nh5 38. Ke3 Nf4 39. Nb1 Nh3 1/2-1/2

[Event "DVM U16 2024"]
[Site "Sebnitz GER"]
[Date "2024.12.30"]
[Round "7"]
[White "Reis, Sophie"]
[Black "Sato, Kai Nathan"]
[Result "0-1"]
[Termination "normal"]
[Board "8.4"]
[WhiteElo "1515"]
[BlackElo "1679"]
[WhiteTeam "SK 1858 Gießen"]
[BlackTeam "USV TU Dresden"]
[PlyCount "82"]
[WhiteFideId "34652485"]
[BlackFideId "34605630"]
[EventCountry "GER"]
[EventRounds "7"]
[EventType "team-swiss"]
[EventDate "2024.12.26"]

1. e4 e5 2. Nf3 Nc6 3. d4 exd4 4. Nxd4 Qf6 5. Be3 Bc5 6. c3 Nge7 7. Bc4 Qg6 8.
O-O Ne5 9. Be2 a6 10. Nd2 d6 11. Bh5 Qf6 12. f4 N5g6 13. N2b3 Bb6 14. Qe2 O-O
15. a4 c5 16. Nc2 Nc6 17. Na3 Re8 18. Nd2 Bd7 19. f5 Nge7 20. Qg4 Ne5 21. Qg3
h6 22. Bf4 N7c6 23. Kh1 Bc7 24. Rae1 Rad8 25. Bd1 Bc8 26. Bb3 b6 27. h4 Na5 28.
Bd5 Bb7 29. c4 Bxd5 30. cxd5 Rb8 31. Rb1 b5 32. b3 b4 33. Nc2 c4 34. Bxe5 Rxe5
35. Rfe1 cxb3 36. Nxb3 Nxb3 37. Rxb3 Qe7 38. Qf4 Re8 39. Rxb4 Ba5 40. Reb1 Bxb4
41. Rxb4 Rxe4 0-1

[Event "DVM U16 2024"]
[Site "Sebnitz GER"]
[Date "2024.12.30"]
[Round "7"]
[White "Trenz, Finn"]
[Black "Prashanthakumar, Arju"]
[Result "1/2-1/2"]
[Termination "normal"]
[Board "9.1"]
[WhiteElo "1914"]
[BlackElo "1792"]
[WhiteTeam "SV Multatuli Ingelheim"]
[BlackTeam "SV 1926 Riegelsberg"]
[PlyCount "74"]
[WhiteFideId "16279379"]
[BlackFideId "34604065"]
[EventCountry "GER"]
[EventRounds "7"]
[EventType "team-swiss"]
[EventDate "2024.12.26"]

1. e4 e6 2. b3 d5 3. Bb2 Nf6 4. e5 Nfd7 5. Qg4 c5 6. f4 Nc6 7. Nc3 a6 8. a4 b6
9. Nf3 Bb7 10. O-O-O h6 11. Bd3 Nb4 12. Bg6 Qe7 13. f5 fxg6 14. fxe6 Nb8 15. d4
g5 16. Qf5 N8c6 17. dxc5 O-O-O 18. cxb6 d4 19. Ne4 g6 20. Qxg6 Bg7 21. Nd6+ Kb8
22. Nf5 Qc5 23. Nxg7 d3 24. Rd2 Na5 25. Kb1 dxc2+ 26. Rxc2 Nxc2 27. Qxc2 Qxc2+
28. Kxc2 Be4+ 29. Kc3 Rd3+ 30. Kb4 Nc6+ 31. Ka3 Bd5 32. Nd4 Nxd4 33. Bxd4 Rxb3+
34. Ka2 Rb4+ 35. Ka3 Rb3+ 36. Ka2 Rb4+ 37. Ka3 Rb3+ 1/2-1/2

[Event "DVM U16 2024"]
[Site "Sebnitz GER"]
[Date "2024.12.30"]
[Round "7"]
[White "Klein, Raphael"]
[Black "González Peisker, Mateo León"]
[Result "0-1"]
[Termination "normal"]
[Board "9.2"]
[WhiteElo "1693"]
[BlackElo "1577"]
[WhiteTeam "SV 1926 Riegelsberg"]
[BlackTeam "SV Multatuli Ingelheim"]
[PlyCount "64"]
[WhiteFideId "16283791"]
[BlackFideId "34610138"]
[EventCountry "GER"]
[EventRounds "7"]
[EventType "team-swiss"]
[EventDate "2024.12.26"]

1. d4 d5 2. Nf3 Nf6 3. c3 c5 4. dxc5 e6 5. Be3 Be7 6. g3 O-O 7. Nbd2 Nbd7 8. b4
Ng4 9. Bd4 e5 10. h3 exd4 11. hxg4 dxc3 12. Nb3 Nf6 13. Qd3 Bxg4 14. Ne5 Bh5
15. f4 Bg6 16. f5 Qc7 17. fxg6 Qxe5 18. gxh7+ Kh8 19. Bg2 Ne4 20. O-O-O Nf2 21.
Qxd5 Qxe2 22. Rd2 cxd2+ 23. Qxd2 Qxd2+ 24. Kxd2 Nxh1 25. Bxh1 Rad8+ 26. Kc2 b6
27. c6 Bxb4 28. Be4 Rfe8 29. Bf5 Re2+ 30. Kc1 Ba3+ 31. Kb1 Rd1+ 32. Nc1 Rxc1#
0-1

[Event "DVM U16 2024"]
[Site "Sebnitz GER"]
[Date "2024.12.30"]
[Round "7"]
[White "Gyácsok, Dzvinka"]
[Black "Tabales, Lennart"]
[Result "0-1"]
[Termination "normal"]
[Board "9.3"]
[WhiteElo "1735"]
[BlackElo "1676"]
[WhiteTeam "SV Multatuli Ingelheim"]
[BlackTeam "SV 1926 Riegelsberg"]
[PlyCount "92"]
[WhiteFideId "16298292"]
[BlackFideId "34604057"]
[EventCountry "GER"]
[EventRounds "7"]
[EventType "team-swiss"]
[EventDate "2024.12.26"]

1. e4 c5 2. Nf3 e6 3. d4 cxd4 4. Nxd4 a6 5. Nc3 Qc7 6. Bd3 Nf6 7. O-O d6 8. Re1
Nbd7 9. Bg5 Be7 10. Qd2 b6 11. f3 Bb7 12. Bf1 O-O 13. a4 Rac8 14. Rec1 h6 15.
Be3 Nc5 16. b4 Ncd7 17. Nce2 d5 18. exd5 Nxd5 19. b5 Bc5 20. Bf2 Bb4 21. Qd3
Nc5 22. Qd1 Nc3 23. Nxc3 Bxc3 24. Rab1 Rfd8 25. bxa6 Bc6 26. Bb5 Bxb5 27. Rxb5
e5 28. Rcb1 Bxd4 29. Bxd4 Rxd4 30. Qe2 Nxa4 31. Rxe5 Nc5 32. Re7 Qd8 33. a7 Rd7
34. Rxd7 Qxd7 35. Ra1 Qd4+ 36. Kf1 Qxa1+ 37. Kf2 Qxa7 38. Qb5 Qa2 39. Qxb6
Qxc2+ 40. Kg3 Qg6+ 41. Qxg6 fxg6 42. Kf4 Rd8 43. h4 Nd3+ 44. Kg4 h5+ 45. Kg5
Rd5+ 46. Kxg6 Nf4# 0-1

[Event "DVM U16 2024"]
[Site "Sebnitz GER"]
[Date "2024.12.30"]
[Round "7"]
[White "Jung, Marcel"]
[Black "Montonen, Elias"]
[Result "1-0"]
[Termination "normal"]
[Board "9.4"]
[WhiteElo "1700"]
[BlackElo "1186"]
[WhiteTeam "SV 1926 Riegelsberg"]
[BlackTeam "SV Multatuli Ingelheim"]
[PlyCount "33"]
[WhiteFideId "34673881"]
[EventCountry "GER"]
[EventRounds "7"]
[EventType "team-swiss"]
[EventDate "2024.12.26"]

1. c4 e5 2. Nc3 Nf6 3. Nf3 Nc6 4. e3 Bb4 5. Qc2 Qe7 6. Nd5 Qd6 7. a3 Ba5 8. b4
Nxd5 9. cxd5 Nxb4 10. axb4 Bxb4 11. Bc4 O-O 12. Bb2 f6 13. O-O b6 14. d4 exd4
15. Nxd4 Kh8 16. Nf5 Qc5 17. Bd4 1-0

[Event "DVM U16 2024"]
[Site "Sebnitz GER"]
[Date "2024.12.30"]
[Round "7"]
[White "Sommerfeld, Felix"]
[Black "Klein, Timon"]
[Result "1-0"]
[Termination "normal"]
[Board "10.1"]
[WhiteElo "1787"]
[BlackElo "1784"]
[WhiteTeam "Krefelder SK Turm 1851"]
[BlackTeam "SC Leipzig-Lindenau"]
[PlyCount "57"]
[WhiteFideId "34646744"]
[BlackFideId "34651713"]
[EventCountry "GER"]
[EventRounds "7"]
[EventType "team-swiss"]
[EventDate "2024.12.26"]

1. Nf3 d5 2. e3 c5 3. d4 cxd4 4. exd4 Nc6 5. c4 Nf6 6. Nc3 e6 7. Bd3 Be7 8. O-O
O-O 9. a3 dxc4 10. Bxc4 Nd5 11. Re1 Bf6 12. Bd3 Nde7 13. Bg5 Bxg5 14. Nxg5 h6
15. Qh5 Nd5 16. Nxf7 Rxf7 17. Qg6 Nf6 18. Ne4 Nxe4 19. Bxe4 Qf6 20. Qh7+ Kf8
21. Bg6 Rc7 22. d5 Ne5 23. Rxe5 Qxe5 24. d6 Qxd6 25. Qh8+ Ke7 26. Qxg7+ Kd8 27.
Qg8+ Qf8 28. Qxf8+ Kd7 29. Be8+ 1-0

[Event "DVM U16 2024"]
[Site "Sebnitz GER"]
[Date "2024.12.30"]
[Round "7"]
[White "Göllnitz, Aaron"]
[Black "Ramolla, Jan"]
[Result "1-0"]
[Termination "normal"]
[Board "10.2"]
[WhiteElo "1615"]
[BlackElo "1809"]
[WhiteTeam "SC Leipzig-Lindenau"]
[BlackTeam "Krefelder SK Turm 1851"]
[PlyCount "57"]
[WhiteFideId "34617183"]
[BlackFideId "34678697"]
[EventCountry "GER"]
[EventRounds "7"]
[EventType "team-swiss"]
[EventDate "2024.12.26"]

1. d4 Nf6 2. c4 g6 3. Nc3 d5 4. cxd5 Nxd5 5. e4 Nxc3 6. bxc3 Bg7 7. Nf3 c5 8.
Rb1 O-O 9. Be2 Nc6 10. Be3 Qc7 11. O-O Rd8 12. Qc2 Bg4 13. d5 Ne5 14. Nxe5 Bxe2
15. Nxf7 Bxf1 16. Nxd8 Rxd8 17. Rxf1 b6 18. c4 Qe5 19. f4 Qc3 20. Qxc3 Bxc3 21.
Kf2 e6 22. dxe6 Bd4 23. Ke2 Bxe3 24. Kxe3 Rd4 25. f5 gxf5 26. exf5 Rxc4 27. f6
Rd4 28. f7+ Kf8 29. e7+ 1-0

[Event "DVM U16 2024"]
[Site "Sebnitz GER"]
[Date "2024.12.30"]
[Round "7"]
[White "Vasylieva, Kira"]
[Black "Rudolph, Konrad"]
[Result "0-1"]
[Termination "normal"]
[Board "10.3"]
[WhiteElo "1647"]
[BlackElo "1550"]
[WhiteTeam "Krefelder SK Turm 1851"]
[BlackTeam "SC Leipzig-Lindenau"]
[PlyCount "90"]
[WhiteFideId "34653465"]
[BlackFideId "34607668"]
[EventCountry "GER"]
[EventRounds "7"]
[EventType "team-swiss"]
[EventDate "2024.12.26"]

1. e4 e6 2. Nf3 d5 3. exd5 exd5 4. d4 Bd6 5. Bd3 Ne7 6. h3 O-O 7. O-O c6 8. Be3
Nf5 9. Bxf5 Bxf5 10. Nbd2 Na6 11. a3 Nc7 12. c4 h6 13. c5 Be7 14. Bf4 Ne6 15.
Bg3 Bf6 16. Nb1 a5 17. Ne5 Bh7 18. Nc3 Re8 19. Ne2 Nxc5 20. Nxf7 Kxf7 21. dxc5
Bxb2 22. Ra2 Bf6 23. Bd6 Qd7 24. Nf4 Kg8 25. Nd3 Re4 26. f4 Rae8 27. Ne5 Qf5
28. g4 Qc8 29. Qb3 a4 30. Qb2 Re3 31. Kh2 Bd3 32. Rf2 Bc4 33. Qd2 Re4 34. Rb2
Bb3 35. h4 Bxh4 36. Rg2 Be1 37. Qc1 Qd8 38. Rbe2 Qh4+ 39. Kg1 Rxe2 40. Rxe2
Qg3+ 41. Rg2 Bf2+ 42. Kh1 Be3 43. Rxg3 Bxc1 44. Nd3 Bxa3 45. Nb4 Bxb4 0-1

[Event "DVM U16 2024"]
[Site "Sebnitz GER"]
[Date "2024.12.30"]
[Round "7"]
[White "Richter, Peter"]
[Black "Bitter, Daniel"]
[Result "1-0"]
[Termination "normal"]
[Board "10.4"]
[WhiteElo "1143"]
[BlackElo "1689"]
[WhiteTeam "SC Leipzig-Lindenau"]
[BlackTeam "Krefelder SK Turm 1851"]
[PlyCount "63"]
[WhiteFideId "34617094"]
[BlackFideId "34646710"]
[EventCountry "GER"]
[EventRounds "7"]
[EventType "team-swiss"]
[EventDate "2024.12.26"]

1. e4 c5 2. Nf3 e6 3. c4 Nc6 4. Nc3 Nf6 5. d3 h6 6. Be2 d5 7. O-O dxe4 8. dxe4
Be7 9. h3 O-O 10. b3 b6 11. Bb2 Bb7 12. Qc2 Nh5 13. Rad1 Qc8 14. Qc1 Nf6 15.
Qb1 Rd8 16. e5 Nd7 17. Ne4 Nb4 18. a3 Bxe4 19. Qxe4 Nc6 20. Bd3 g6 21. Bb1 a6
22. Qe3 h5 23. Rfe1 b5 24. cxb5 axb5 25. Bd3 b4 26. a4 Nb6 27. Be4 Nd5 28. Bxd5
Rxd5 29. Rxd5 exd5 30. e6 f6 31. Qh6 Qe8 32. Ng5 1-0